| 000 | 00485nam a22001577a 4500 | ||
|---|---|---|---|
| 005 | 20241215153831.0 | ||
| 008 | 241215b |||||||| |||| 00| 0 eng d | ||
| 020 | _a9780072978018 | ||
| 050 |
_aQP34.5 _b.M37 |
||
| 100 | _aMader, Sylvia S. | ||
| 245 |
_aStudent Study Art Notebook to Accompany/ _bInquiry into Life _cSylvia S. Mader |
||
| 250 | _a10th ed. | ||
| 260 |
_aBoston _bMcGraw Hill Higher Education _c2003 |
||
| 300 |
_ax.311p. _bill. color _c27.5cm |
||
| 942 |
_2lcc _cBK _e10th ed. _n0 |
||
| 999 |
_c2285 _d2285 |
||